000
00287nam a2200109Ia 4500
008
200302s9999 xx 000 0 und d
100
_a
Baruch Givoni
245
_a
Climate considerations in building and urban design
260
_b
John Willey and sons, Inc
260
_c
1998
300
_a
464
999
_c
5952
_d
5952